00490nam a2200121Ia 4500008004100000041001200041082001200053100005400065245012800119260006600247300000900313536004600322211220s9999 xx 000 0 eng d aEnglish aRR.0308 aRaman, RakeshuBanaras Hindu UniversityvVaranasi 0aMeasuring access to primary education :ba comparative study of select district of Kerala and Uttar Pradesh /cRakesh Raman aNew Delhi :bIndian Council oF Social Science Research,c2017 aV.P. aIndian Council of Social Science Research